Normal view
MARC view
- Ciclo hidrológico
Entry Materia
001 - NÚMERO DE CONTROL DEL REGISTRO
- campo de control: 1654
003 - IDENTIFICADOR DE NUMERO DE CONTROL
- campo de control: MX-MxUPN
005 - FECHA Y HORA DE LA ÚLTIMA TRANSACCIÓN
- campo de control: 20240308155854.0
008 - DATOS DE LONGITUD FIJA
- campo de control de longitud fija: 240308nn annnnbabn n ana |d
035 ## - NÚMERO DE CONTROL DEL SISTEMA
- Número de control del sistema: UPN10000001654
040 ## - FUENTE DE LA CATALOGACIÓN
- Lengua de catalogación: spa
- Centro catalogador de origen: MX-MxUPN
150 ## - ENCABEZAMIENTO - TEMÁTICO
- Término de materia o nombre geográfico como elemento inicial: Ciclo hidrológico
670 ## - FUENTE EN LA QUE SE LOCALIZARON DATOS
- Cita de la fuente: LEMB, 1998 :
- Información localizada: página 199 (Ciclo Hidrológico)
902 ## - CATALOGADOR
- Catalogador: MCM/041105
- Catalogador: VíctorGodínez/080324
